01698nam a22002057a 4500003000400000005001700004008004100021020001800062040001400080041000800094082001300102100002700115245003400142264003600176300004100212521113700253650002801390650002501418650004901443OSt20260227170302.0260227b ||||| |||| 00| 0 spa d a9786287737181 cCO-Mq BPB aspa aANbALLn aAllende, Isabeleautor aMi nombre es Emilia del Valle aBogotá;bPlaza y Janes,c2025 a360 páginas;bTapa rustica,c23 cm aMi nombre es Emilia del Valle narra la historia de Emilia, quien nace en San Francisco en 1866. Su madre, una monja irlandesa que quedó sola y embarazada tras una intensa relación con un aristócrata chileno, la cría junto a su padrastro, quien la ama y la apoya. Desde joven, Emilia se destaca por su brillante personalidad, independencia y pasión por la escritura, lo que la lleva a publicar novelas de aventuras bajo un pseudónimo masculino cuando apenas tiene diecisiete años. Su carrera da un giro cuando acepta ser periodista corresponsal, lo que la lleva a cubrir la guerra civil chilena entre el presidente Balmaceda y el congreso rebelde. Acompañada por el también reportero Eric Whelan, Emilia se enfrenta al horror del conflicto, trabaja en hospitales de campaña, visita cárceles y presencia escenas extremas donde la violencia, el amor, la muerte y la identidad personal se entrelazan. Al mismo tiempo, su estancia en Chile le permite explorar sus raíces familiares, profundizar en la historia de los Del Valle y, sobre todo, conocer a su padre, cuya ausencia marcó su vida desde la infancia. aAutonomía y feminidad aHistoria y conflicto aPapel de la mujer en la escritura y sociedad